Report on the continuance of protection to the automobliie leaf spring industry 1959 (Record no. 497997)

000 -LEADER
fixed length control field 00379cam a22001097a 4500
008 - FIXED-LENGTH DATA ELEMENTS--GENERAL INFORMATION
fixed length control field 180718b1960 xxu||||| |||| 00| 0 eng d
082 ## - DEWEY DECIMAL CLASSIFICATION NUMBER
Classification number T394x54 A/59/1
100 ## - MAIN ENTRY--PERSONAL NAME
Personal name India. Tariff Commission
245 ## - TITLE STATEMENT
Title Report on the continuance of protection to the automobliie leaf spring industry 1959
Statement of responsibility, etc. by Tariff Commission
260 ## - PUBLICATION, DISTRIBUTION, ETC.
Place of publication, distribution, etc. Bombay
Name of publisher, distributor, etc. Manager of Publications
Date of publication, distribution, etc. 1960
300 ## - PHYSICAL DESCRIPTION
Extent 33p.
Holdings
Withdrawn status Lost status Damaged status Not for loan Permanent Location Current Location Date acquired Full call number Barcode Date last seen Price effective from Koha item type
        Indian Institute of Public Administration Indian Institute of Public Administration 2018-08-04 T394x54 A/59/1 GG32527 2018-08-04 2018-08-04 GG

Powered by Koha